Rozpoznaj stan USA po opisie - Statystyki

Ogólne statystyki
  • Ten quiz został rozwiązany 17 razy
  • Średni wynik to 7 z 15
Statystyki odpowiedzi
Wskazówka Odpowiedź % Poprawnych
Stolicą tego stanu jest Sacramento Kalifornia
100%
Stan nad Zatoką Meksykańską, znany z bagien, jazzu i kuchni kreolskiej Luizjana
89%
Kiedyś teren należący do Rosji, odsprzedany USA w XIX w. Alaska
78%
Jedyny stan będący kiedyś niepodległym państwem Teksas
78%
Najmłodszy stan Hawaje
67%
Siedziba Organizacji Narodów Zjednoczonych Nowy Jork
67%
Ten stan graniczy z: Missisipi, Tennessee, Georgią i Florydą Alabama
56%
Czwarty pod względem powierzchni stan Montana
56%
Najwyższym punktem stanu jest szczyt Mount Elbert Kolorado
22%
Ten stan jest największym producentem jabłek w USA Waszyngton
22%
Ten stan stoczył 137 bitew podczas wojny o niepodległość Karolina Południowa
11%
Nazwa stanu pochodzi z języka Indian Oto i znaczy ,,płaska woda" Nebraska
11%
Ten stan zyskał przydomek ,,matki współczesnych prezydentów", ze względu na to, że pochodziło stamtąd siedmiu prezydentów USA Ohio
11%
Stan nazywany światową stolicą snacków, ze wzlędu na wielkość produkcji precli oraz chipsów Pensylwania
11%
Branże związane z lasami zapewniają 17 mld dolarów rocznego przychodu dla gospodarki tego stanu Wirginia
11%
Nie znaleziono quizów pasujących do podanych kryteriów
Rozkład punktacji
Procent ludzi z każdym wynikiem
Percentyl według liczby udzielonych odpowiedzi
Twoja historia wyników
Nie rozwiązałeś tego quizu